000 00445nam a2200181Ia 4500
005 20220531142114.0
008 131103s9999 xx 000 0 und d
040 _aLoreto College
041 _aEnglish
082 _aF
_bKEN
100 _aKenyon,Michael
245 _aMay you die in Ireland
_cMichael Kenyon
260 _aLondon
_bFontana Books
_c1965
300 _a192 p.
650 _aFiction in English
850 _aLCLIB
942 _cBK
999 _c14691
_d65170